| Tag |
First Indicator |
Second Indicator |
Subfields |
| LEADER |
00000cam a2200000 4500 |
| 001 |
in00000067664 |
| 005 |
20151008050159.0 |
| 008 |
750805s1949 fr b 00000 eng u |
| 010 |
|
|
|a 50001336
|
| 035 |
|
|
|a (OCoLC)01510706
|
| 035 |
|
|
|9 AAF9972AM
|
| 040 |
|
|
|c FNP
|d OCL
|d TXA
|d UtOrBLW
|
| 041 |
0 |
|
|a eng
|a fre
|
| 049 |
|
|
|a TXAM
|c [179747]
|
| 050 |
0 |
0 |
|a HC286.5
|b .B5
|
| 092 |
|
|
|a 330.943
|b B585g
|
| 100 |
1 |
|
|a Bidwell, Percy W.
|q (Percy Wells),
|d 1888-1970.
|
| 245 |
1 |
0 |
|a Germany's contribution to European economic life. :
|b Le role de l'Allemagne dans l'economie europeenne /
|c [By] Percy W. Bidwell [and others] Edited by Percy W. Bidwell.
|
| 264 |
|
1 |
|a Paris :
|b M. Riviere,
|c 1949.
|
| 300 |
|
|
|a 147 pages ;
|c 22 cm.
|
| 336 |
|
|
|a text
|b txt
|2 rdacontent
|
| 337 |
|
|
|a unmediated
|b n
|2 rdamedia
|
| 338 |
|
|
|a volume
|b nc
|2 rdacarrier
|
| 500 |
|
|
|a Distributed in the U.S. by Columbia University Press.
|
| 500 |
|
|
|a "Studies...prepared...for a Conference on Some Aspects of the German Problem, held in Holland at Baarn from 6th-llth October, 1947, and at Scheveningen from llth-l7th April, 1948."
|
| 504 |
|
|
|a Bibliography: page 129.
|
| 505 |
0 |
|
|a Introduction, by P.W. Bidwell.--The European recovery program, its nature and purposes, by P.W. Bidwell.--Le probleme de priorite dans la reconstruction des pays devastes d'Europe, by T. Lychowski.--L'Allemagne et la restauration economique de l'Europe, by J. van Helmont.--Germany's part in European economic life, by R.G. Hawtrey.
|
| 650 |
|
0 |
|a Reconstruction (1939-1951)
|z Europe.
|
| 651 |
|
0 |
|a Germany
|x Economic conditions
|y 1945-1990.
|
| 740 |
3 |
|
|a Le role de l'Allemagne dans l'economie europeenne.
|
| 999 |
|
|
|a MARS
|
| 999 |
f |
f |
|s 9be4bfdc-12f3-3366-8c7a-83d38e2eec2a
|i 0e051b24-8558-36ab-ad08-fc4579cc7f5b
|t 0
|
| 952 |
f |
f |
|p ric
|a Texas A&M University
|b Rellis Campus
|c Joint Library Facility
|d Remote Storage
|t 0
|e HC286.5 .B5
|h Library of Congress classification
|i unmediated -- volume
|m A14800702227
|
| 998 |
f |
f |
|a HC286.5 .B5
|t 0
|l Remote Storage
|